| 000 | 00484nam a22001937a 4500 | ||
|---|---|---|---|
| 003 | OSt | ||
| 005 | 20241220120016.0 | ||
| 008 | 241220b ||||| |||| 00| 0 eng d | ||
| 020 | _a9788184060102 | ||
| 040 | _cKWIU | ||
| 041 | _aeng | ||
| 100 |
_91440 _aSathe,P. |
||
| 245 | _aEpidemiology And Management For Health Care For All | ||
| 260 |
_bVora medical publications _c2023 |
||
| 300 | _a468 pages | ||
| 650 | 0 |
_957 _aEPIDEMIOLOGY |
|
| 700 |
_91441 _aDoke, P. |
||
| 942 |
_2udc _cBK |
||
| 999 |
_c2255 _d2255 |
||